000 00968nam a22003377b 4500
001 0020349
003 DO-SdBNP
005 20180126120453.0
007 0020349
008 050630s1987 sp | ||| ||spa
016 7 _a
_2BPMSU
017 _a
_b
020 _a8431012137
035 _a
040 _aBPMSU
_bspa
_cBPMSU
_e
041 1 _aspa
_h
080 0 _a
100 1 _aWest, Jerry
240 1 4 _aThe happy Hollisters and the mystery of the colden witch
_lEspañol
245 1 4 _aLos Hollister y la bruja dorada /
_h
_cJerry West ; traducción, Consuelo G. de Ortega; ilustración Antonio Borrell
250 _a17a. ed.
260 _aBarcelona:
_bToray,
_c1987
300 _a193 p. :
_b23 cm.
490 0 _aLos Hollister
_v14
700 _a G de Ortega, Consuelo
_etr.
700 _4
_aBorrel, Antonio
_eil.
830 _aLos Hollister
_v14
942 _2ddc
_cBK
945 _aInventariado, 2018 / YL
956 _aVMATEO
_b10
_cBPMSU
999 _c10990
_d10990